[Event "Hampstead U2200"]
[Site "Hampstead, London"]
[Date "2013.09.28"]
[Round "3"]
[White "David, Barry"]
[Black "Sharkey, Brian"]
[Result "1-0"]
[WhiteElo "1834"]
[BlackElo "1634"]
[EventType "swiss"]
[EventRounds "5"]

1. e4 d6 2. d4 Nf6 3. Nc3 g6 4. Be2 Bg7 5. Be3 a6 6. f4 O-O 7. h3 b5 8. e5
Nfd7 9. Bf3 c6 10. h4 Bb7 11. h5 Qc7 12. hxg6 fxg6 13. Ne4 c5 14. Ng5 Bxf3 15.
N1xf3 cxd4 16. Qxd4 Qc6 17. Rxh7 dxe5 18. fxe5 Rxf3 19. gxf3 Bxe5 20. Qd3 Bg3+
21. Ke2 Ne5 22. Qd8+ Qe8 23. Qxe8# 1-0

[Event "Hampstead U2200"]
[Site "Hampstead, London"]
[Date "2013.09.28"]
[Round "3"]
[White "Cavendish, Joshua"]
[Black "Jekel, Wolfgang"]
[Result "1-0"]
[WhiteElo "1683"]
[BlackElo "1822"]
[EventType "swiss"]
[EventRounds "5"]

1. f4 g6 2. Nc3 Bg7 3. e4 d6 4. Bc4 e6 5. Nf3 Ne7 6. d3 Nd7 7. O-O b6 8. Qe1
Bb7 9. Ng5 O-O 10. Rf3 d5 11. Bb3 h6 12. Nh3 Nc5 13. Nf2 Nxb3 14. axb3 c5 15.
Rh3 d4 16. Nb1 f5 17. Nd2 g5 18. fxg5 hxg5 19. Nc4 f4 20. Qe2 b5 21. Nd2 Ng6
22. Qh5 Nh4 23. Nf3 Nxf3+ 24. gxf3 e5 25. Ng4 Bc8 26. Qh7+ Kf7 27. Nxe5+ Kf6
28. Qg6+ Kxe5 29. Qxg7+ Qf6 30. Qc7+ Qd6 31. Qg7+ Qf6 32. Qc7+ Qd6 33. Qxd6+
Kxd6 34. Rh5 Rg8 35. Kf2 a6 36. h4 Ke5 37. hxg5 Rg6 38. Rh4 Ra7 39. Bxf4+ Ke6
40. Rh6 Rag7 41. Rah1 Kf7 42. Rxg6 Rxg6 43. Rh6 Rg8 44. Rf6+ Ke7 45. Rc6 Bd7
46. Rxc5 Rh8 47. g6 Rg8 48. Re5+ Kf6 49. Rg5 Be8 50. g7 Bg6 51. Rc5 Kxg7 52.
Be5+ Kf7 53. Bxd4 Ke7 54. Rc7+ Kd6 55. Rg7 Rxg7 56. Bxg7 Ke6 57. Ke3 Bh5 58.
Bc3 Kd6 59. e5+ Ke6 60. d4 Kd5 61. Be1 Bg6 62. c3 Bc2 63. f4 Bf5 64. Bh4 Ke6
65. c4 Bc2 66. d5+ Kf5 67. e6 Bd1 68. Bd8 Bh5 69. Bc7 Be8 70. Kd4 bxc4 71.
bxc4 Kf6 72. Be5+ Ke7 73. f5 {#r} 1-0

[Event "Hampstead U2200"]
[Site "Hampstead, London"]
[Date "2013.09.28"]
[Round "3"]
[White "Joseph, Tomy"]
[Black "Jefferies, Tyrone"]
[Result "1-0"]
[WhiteElo "1814"]
[BlackElo "1594"]
[EventType "swiss"]
[EventRounds "5"]

1. d4 f5 2. Bg5 d6 3. e3 Nd7 4. Bc4 Ngf6 5. Ne2 c6 6. O-O d5 7. Bb3 e5 8. dxe5
Nxe5 9. Nf4 Be7 10. Bxf6 Bxf6 11. Qh5+ g6 12. Qe2 O-O 13. Rd1 Qa5 14. Nxd5
cxd5 15. Rxd5 Nc6 16. Rxa5+ Kg7 17. Rxf5 Bxb2 18. Rxf8 Kxf8 19. Qf3+ Bf5 20.
g4 Bxa1 21. gxf5 Ne5 22. Qd5 Re8 23. Qg8+ Ke7 24. Qxh7+ Kd8 25. Qh4+ Kc7 26.
Qh7+ Kb6 27. Bd5 Nc6 28. Bxc6 bxc6 29. fxg6 Rd8 30. g7 Rd1+ 31. Kg2 Bxg7 32.
Qxg7 Rxb1 33. Qd4+ c5 34. Qd6+ Ka5 35. Qc7+ Rb6 36. Qxc5+ Rb5 37. Qxa7+ Kb4
38. a3+ Kc3 39. Qd4+ {#r} 1-0

[Event "Hampstead U2200"]
[Site "Hampstead, London"]
[Date "2013.09.28"]
[Round "3"]
[White "Liang, Jake Z"]
[Black "Winter, Malcolm J"]
[Result "1-0"]
[WhiteElo "1780"]
[BlackElo "1562"]
[EventType "swiss"]
[EventRounds "5"]

1. d4 Nf6 2. c4 e6 3. g3 d5 4. Bg2 Be7 5. Nf3 O-O 6. O-O c6 7. Qc2 Nbd7 8.
Nbd2 a6 9. e4 b5 10. c5 dxe4 11. Nxe4 Nxe4 12. Qxe4 Bb7 13. Rd1 Nf6 14. Qe2
Rc8 15. Be3 a5 16. Ne5 a4 17. b3 Nd5 18. Qb2 Ra8 19. b4 Rc8 20. Be4 f5 21. Bg2
Bf6 22. Nf3 Rc7 23. Re1 Bc8 24. Re2 Rcf7 25. Rae1 Bd7 26. Qd2 Re8 27. a3 Qe7
28. h4 Qf8 29. Bf4 Nxf4 30. Qxf4 Rc8 31. Bf1 Re7 32. Rc2 Qe8 33. Bd3 Qg6 34.
Rce2 Qg4 35. Qxg4 fxg4 36. Ne5 Bxe5 37. Rxe5 g6 38. Rg5 Rce8 39. h5 Rg7 40.
hxg6 hxg6 41. Ree5 Rf8 42. Be4 Rf6 43. Rxg4 Kf7 44. Kg2 Rh7 45. Bf3 Rf5 46.
Rge4 Rxe5 47. dxe5 Ke7 48. Rd4 Rh8 49. Rd6 Rc8 50. Be4 g5 51. f3 Be8 52. Kh3
Bd7 53. Kg4 Kd8 54. Kxg5 Kc7 55. g4 Rh8 56. Kf4 Rh1 57. g5 Ra1 58. Rd3 Be8 59.
Ke3 Kb7 60. f4 Kc7 61. Kf2 Ra2+ 62. Kg3 Rb2 63. g6 Rb3 64. Kg4 {#r} 1-0

[Event "Hampstead U2200"]
[Site "Hampstead, London"]
[Date "2013.09.28"]
[Round "3"]
[White "Verma, Aditya"]
[Black "Haridas, Girinath"]
[Result "0-1"]
[WhiteElo "1647"]
[BlackElo "1776"]
[EventType "swiss"]
[EventRounds "5"]

1. e4 c5 2. Nc3 Nc6 3. Bb5 Nd4 4. Bc4 g6 5. d3 Bg7 6. f4 e6 7. Bb3 Ne7 8. Nf3
O-O 9. O-O Nec6 10. Be3 d6 11. Rb1 Rb8 12. Ne2 Nxb3 13. axb3 Qe7 14. Qe1 d5
15. Qf2 b6 16. Ng3 Ba6 17. c4 Nb4 18. Qe2 Rbd8 19. Rfd1 Rd6 20. f5 exf5 21.
exf5 Re8 22. Bf4 Qxe2 23. Nxe2 Rd7 24. Ng3 Red8 25. Bg5 f6 26. Ne5 Rd6 27.
fxg6 hxg6 28. Bh4 fxe5 29. Bxd8 Rxd8 30. Kf2 Rf8+ 31. Ke2 Nc2 32. cxd5 Nd4+
33. Ke3 Nxb3 34. Ne4 Nd4 35. Rf1 Bh6+ 36. Ng5 Bxg5+ 37. Ke4 Bf6 38. Ra1 Bb7
39. Rxa7 Nb5 40. Raa1 Nc7 41. Ra7 Bxd5+ 42. Ke3 Bg5+ 43. Ke2 Rxf1 44. Kxf1 Nb5
45. Ra1 Kf7 46. Ra6 Bd8 47. Ra4 Ke6 48. Rg4 Kf5 49. Ra4 Nd4 50. Kf2 Be6 51.
Ra1 Nb3 52. Ra3 Bd5 53. Ra4 b5 {#R} 0-1

[Event "Hampstead U2200"]
[Site "Hampstead, London"]
[Date "2013.09.28"]
[Round "3"]
[White "Miu, Marinel"]
[Black "Olutola, Taiwo"]
[Result "0-1"]
[WhiteElo "1706"]
[BlackElo "1459"]
[EventType "swiss"]
[EventRounds "5"]

1. d4 d5 2. e3 e6 3. Bd3 Nf6 4. c3 c5 5. Nd2 Bd6 6. f4 Nc6 7. Qf3 c4 8. Bc2
Bd7 9. Ne2 b5 10. O-O b4 11. e4 dxe4 12. Nxe4 Nxe4 13. Qxe4 f5 14. Qe3 O-O 15.
Rf3 Na5 16. Bd2 b3 17. axb3 cxb3 18. Bd3 Qc7 19. Rh3 Nc4 20. Bxc4 Qxc4 21. Ng3
Bc6 22. Re1 Bd5 23. Nh5 Rf7 24. Qf2 Be7 25. Rhe3 a5 26. Ra1 a4 27. Bc1 Qc6 28.
Ng3 Rf6 29. Nf1 Rg6 30. g3 h5 31. Nd2 h4 32. Nf3 Bxf3 33. Qxf3 Qa6 34. c4 hxg3
35. hxg3 Rd8 36. Rxb3 Qxc4 37. Rc3 Qxd4+ 38. Be3 Qb4 39. Bf2 Qxb2 40. Rxa4
Qb1+ 41. Kg2 Rh6 42. Bg1 Rd2+ {#R} 0-1

[Event "Hampstead U2200"]
[Site "Hampstead, London"]
[Date "2013.09.28"]
[Round "3"]
[White "Samadov, Samir"]
[Black "Jina, Taran"]
[Result "1-0"]
[WhiteElo "1530"]
[BlackElo "1690"]
[EventType "swiss"]
[EventRounds "5"]

1. b4 Nf6 2. Bb2 d5 3. h3 Bf5 4. Nf3 e6 5. a3 c5 6. b5 Bd6 7. e3 h6 8. c4 Nbd7
9. cxd5 exd5 10. d4 c4 11. Be2 Bxb1 12. Rxb1 Qa5+ 13. Qd2 Qxb5 14. O-O Qc6 15.
Ne5 Qc7 16. Qc3 Rb8 17. f3 Nh5 18. e4 Ng3 19. Rfe1 Nxe5 20. dxe5 Bc5+ 21. Kh2
Bf2 22. exd5 Bxe1 23. Rxe1 Nxe2 24. Rxe2 O-O 25. d6 Qd7 26. Kh1 Qe6 27. Qd4 b6
28. f4 Rb7 29. Qe4 Rbb8 30. f5 Qd7 31. Qg4 Rb7 32. e6 fxe6 33. Rxe6 Rf7 34.
Qxc4 Kf8 35. f6 gxf6 36. Bxf6 b5 37. Qg4 Qc6 38. Be7+ Ke8 39. Qg8+ Kd7 40.
Qxf7 Qc1+ 41. Kh2 Qc4 42. Bf6+ Kc6 43. d7+ Kc5 44. Re5+ Kb6 45. d8=Q+ Ka6 46.
Qxc4 {#r} 1-0

[Event "Hampstead U2200"]
[Site "Hampstead, London"]
[Date "2013.09.28"]
[Round "3"]
[White "Zhao, Haolin"]
[Black "Mitchell, Robert"]
[Result "1/2-1/2"]
[WhiteElo "1263"]
[BlackElo "1690"]
[EventType "swiss"]
[EventRounds "5"]

1. e4 d6 2. d4 Nf6 3. Nc3 c6 4. h3 e6 5. Nf3 Be7 6. Bd3 b5 7. O-O O-O 8. Bf4
b4 9. Ne2 a5 10. c3 Ba6 11. a3 bxc3 12. Nxc3 Bxd3 13. Qxd3 d5 14. e5 Nfd7 15.
Ne2 Nb6 16. b3 a4 17. b4 Nc4 18. Nd2 Nb6 19. Rac1 Qd7 20. Qg3 Rc8 21. Bg5 Ra7
22. Nf4 g6 23. Bxe7 Qxe7 24. Nd3 N8d7 25. Nc5 Nxc5 26. bxc5 Nd7 27. Rb1 Rb8
28. Qc3 Qd8 29. Rb2 Rab7 30. Rfb1 Rxb2 31. Rxb2 Rxb2 32. Qxb2 Qb8 33. Qxb8+
Nxb8 34. Nb1 Na6 35. Nc3 Nc7 36. Kf1 Kf8 37. Ke2 Ke8 38. Kd3 Kd8 39. Nxa4 Nb5
40. Nc3 Nxa3 41. Na4 Nc4 42. Kc3 Kc7 43. Nb2 Nxb2 44. Kxb2 Kb7 45. Kb3 Ka6 46.
Ka4 h5 47. h4 Kb7 48. Kb3 Ka6 49. f3 Kb5 50. g4 Ka5 51. g5 Kb5 52. f4 Ka5 53.
Ka3 Kb5 54. Kb3 {#d} 1/2-1/2

[Event "Hampstead U2200"]
[Site "Hampstead, London"]
[Date "2013.09.28"]
[Round "3"]
[White "Sloan, Cecil"]
[Black "Byrne, Ken J"]
[Result "1-0"]
[WhiteElo "1690"]
[BlackElo "1194"]
[EventType "swiss"]
[EventRounds "5"]

1. e4 d6 2. d4 Nf6 3. Nc3 g6 4. Nf3 Bg7 5. h3 O-O 6. Be3 c6 7. a4 a5 8. Qd2
Na6 9. Be2 Qb6 10. O-O c5 11. e5 Ne8 12. Nd5 Qc6 13. Nxe7+ {#r} 1-0

[Event "Hampstead U2200"]
[Site "Hampstead, London"]
[Date "2013.09.28"]
[Round "3"]
[White "Covey, Jason"]
[Black "Gergelova, Monika"]
[Result "1-0"]
[WhiteElo "1586"]
[BlackElo "1297"]
[EventType "swiss"]
[EventRounds "5"]

1. e4 e5 2. Nf3 Nc6 3. d4 exd4 4. Bc4 d6 5. Nxd4 Ne5 6. Be2 Nf6 7. Nc3 Be7 8.
f4 Ng6 9. O-O O-O 10. Nf3 c6 11. Qe1 d5 12. exd5 Nxd5 13. Nxd5 Qxd5 14. Be3
Bc5 15. Qf2 Bxe3 16. Qxe3 Re8 17. Qxe8+ Nf8 18. Rad1 Qc5+ 19. Kh1 h6 20. Rd8
{#r} 1-0

[Event "Hampstead U2200"]
[Site "Hampstead, London"]
[Date "2013.09.28"]
[Round "3"]
[White "Millward, David J"]
[Black "Lovell, William"]
[Result "1-0"]
[WhiteElo "1928"]
[BlackElo "1503"]
[EventType "swiss"]
[EventRounds "5"]

1. e4 e5 2. Nf3 Nc6 3. Bb5 a6 4. Ba4 Nf6 5. O-O b5 6. Bb3 Be7 7. Re1 O-O 8. d4
d6 9. c3 Bg4 10. Be3 Nxe4 11. Bd5 exd4 12. cxd4 Nxf2 13. Bxf2 Qd7 14. Bxc6
Qxc6 15. Rxe7 d5 16. Re1 Qg6 17. Nbd2 Rae8 18. Qb3 c6 19. Ne5 Qe6 20. Nxg4
Qxg4 21. Qf3 Qg5 22. Rxe8 Rxe8 23. Re1 Rf8 24. Qe3 Qd8 25. Nb3 h6 26. Qe7 Qb6
27. Bg3 Qd8 28. Qxd8 Rxd8 29. Nc5 a5 30. Re7 a4 31. Rc7 Re8 32. Kf2 f5 33. Be5
g5 34. Rg7+ Kf8 35. Nd7# 1-0

[Event "Hampstead U2200"]
[Site "Hampstead, London"]
[Date "2013.09.28"]
[Round "3"]
[White "Oliveri, Claudio"]
[Black "Hall, Kieron L"]
[Result "1-0"]
[WhiteElo "1738"]
[BlackElo "1450"]
[EventType "swiss"]
[EventRounds "5"]

1. e4 e5 2. Nf3 Nc6 3. Bb5 a6 4. Ba4 b5 5. Bb3 Bc5 6. c3 Nf6 7. d3 Na5 8. Nxe5
O-O 9. O-O Nxb3 10. axb3 Re8 11. Nf3 d6 12. h3 d5 13. e5 Nd7 14. d4 Bb6 15.
Bg5 f6 16. exf6 Nxf6 17. Ne5 Qe7 18. Nd2 Bf5 19. Re1 Rad8 20. Qf3 Be6 21. Nc6
Qf7 22. Nxd8 Rxd8 23. Bxf6 Qxf6 24. Qxf6 gxf6 25. Rxe6 Ba7 26. Rxf6 Rd6 27.
Rxa6 Rxa6 28. Rxa6 Bb8 29. Ra8 {#r} 1-0

[Event "Hampstead U2200"]
[Site "Hampstead, London"]
[Date "2013.09.28"]
[Round "3"]
[White "Tomy, Jeff"]
[Black "Larios, Rafael"]
[Result "0-1"]
[WhiteElo "1378"]
[BlackElo "1610"]
[EventType "swiss"]
[EventRounds "5"]

1. e4 c5 2. Nf3 g6 3. c3 Bg7 4. Bd3 Nc6 5. Bc2 Nf6 6. O-O O-O 7. d4 cxd4 8.
cxd4 d6 9. h3 Nb4 10. e5 Nxc2 11. Qxc2 Bf5 12. Qd1 dxe5 13. dxe5 Ne4 14. Bf4
Qb6 15. Qe2 h5 16. b3 Rac8 17. Nbd2 Rc2 18. Rfc1 Rfc8 19. Be3 Rxc1+ 20. Rxc1
Rxc1+ 21. Nf1 Qc7 22. Bxc1 Qxc1 23. a4 g5 24. Nd4 Bg6 25. Nb5 a6 26. Nc7 Qxc7
27. f3 Qc5+ 28. Kh2 Nc3 29. Qc2 Bxc2 {#R} 0-1

[Event "Hampstead U2200"]
[Site "Hampstead, London"]
[Date "2013.09.29"]
[Round "4"]
[White "Farzaliyev, Kanan"]
[Black "Ismailov, Roman"]
[Result "1-0"]
[WhiteElo "2122"]
[BlackElo "2051"]
[EventType "swiss"]
[EventRounds "5"]

1. e4 c5 2. Nf3 d6 3. d4 cxd4 4. Nxd4 Nf6 5. Nc3 a6 6. Bg5 e6 7. f4 Be7 8. Qf3
Nbd7 9. O-O-O Qc7 10. Kb1 b5 11. Bxf6 Nxf6 12. e5 Bb7 13. Qg3 dxe5 14. fxe5
Nd7 15. Bxb5 axb5 16. Ndxb5 Qc6 17. Qxg7 Rf8 18. Rhf1 Ba6 19. Nd6+ Bxd6 20.
Rxd6 Qxd6 21. exd6 Bxf1 22. Qg5 f6 23. Qh5+ Rf7 24. Qf3 Bxg2 25. Qxg2 Rd8 26.
Nb5 Kf8 27. Nc7 Nc5 28. Qc6 Kg8 29. Qxc5 Rfd7 30. Nb5 {#r} 1-0

[Event "Hampstead U2200"]
[Site "Hampstead, London"]
[Date "2013.09.29"]
[Round "4"]
[White "Villiers, Thomas"]
[Black "Hayward, Alan"]
[Result "1-0"]
[WhiteElo "2043"]
[BlackElo "1941"]
[EventType "swiss"]
[EventRounds "5"]

1. c4 d5 2. cxd5 Nf6 3. g3 Nxd5 4. Bg2 Nc6 5. Nc3 Nf6 6. Nf3 e5 7. O-O Bc5 8.
a3 a5 9. d3 h6 10. Nd2 O-O 11. Rb1 Bg4 12. h3 Bh5 13. Nb3 Bb6 14. Na4 Rb8 15.
Nxb6 cxb6 16. Re1 Qd7 17. Be3 Nd4 18. Nxd4 exd4 19. Bf4 Rbc8 20. Qb3 b5 21.
Kf1 Rfe8 22. g4 Bg6 23. Rbc1 h5 24. g5 Nh7 25. Qd5 Bf5 26. g6 Nf8 27. gxf7+
Qxf7 28. h4 Ne6 29. Bg3 Rxc1 30. Rxc1 Bg4 31. Rc2 Re7 32. Bd6 Rd7 33. Rc8+ Nd8
34. Qxd4 Kh7 35. Qb6 Bxe2+ 36. Kxe2 Nc6 37. Be4+ g6 38. Qc5 Qe6 39. Qxh5+ {#r}
1-0

[Event "Hampstead U2200"]
[Site "Hampstead, London"]
[Date "2013.09.29"]
[Round "4"]
[White "Horlock, Peter J"]
[Black "Clayton, Tristan"]
[Result "0-1"]
[WhiteElo "1638"]
[BlackElo "1825"]
[EventType "swiss"]
[EventRounds "5"]

1. e4 c6 2. d4 d5 3. exd5 cxd5 4. Nf3 Nf6 5. Bd3 Nc6 6. c3 Qc7 7. O-O Bg4 8.
Be3 e6 9. h3 Bh5 10. Nbd2 Bd6 11. Re1 O-O 12. Qc2 Bg6 13. Bg5 Nh5 14. Bxg6
hxg6 15. Nf1 Rfe8 16. Re2 Rac8 17. Rae1 Nf6 18. Ne5 Nxd4 19. cxd4 Qxc2 20.
Rxc2 Rxc2 21. Ne3 Rxb2 22. Bxf6 gxf6 23. Nd7 Kg7 24. Nxd5 exd5 {#R} 0-1

[Event "Hampstead U2200"]
[Site "Hampstead, London"]
[Date "2013.09.29"]
[Round "4"]
[White "Haridas, Girinath"]
[Black "Turner, Caius AW"]
[Result "1/2-1/2"]
[WhiteElo "1776"]
[BlackElo "2164"]
[EventType "swiss"]
[EventRounds "5"]

1. d4 b5 2. e4 a6 3. Nf3 Bb7 4. Bd3 e6 5. O-O c5 6. c3 Nf6 7. Re1 cxd4 8. cxd4
Nc6 9. a3 d5 10. e5 Nd7 11. b3 Be7 12. Bb2 Qb6 13. Nbd2 g5 14. Nf1 g4 15. N3d2
h5 16. a4 Nxd4 17. axb5 Nxb5 18. Qe2 Bb4 19. Rec1 Rg8 20. Bxb5 Bc5 21. Bxd7+
Kxd7 22. Ra4 Bc6 23. Rf4 Rg7 24. Rd1 Ke7 25. Bc3 {#d} 1/2-1/2

[Event "Hampstead U2200"]
[Site "Hampstead, London"]
[Date "2013.09.29"]
[Round "4"]
[White "Norman, Nigel"]
[Black "Twitchell, Neville H"]
[Result "0-1"]
[WhiteElo "1758"]
[BlackElo "2014"]
[EventType "swiss"]
[EventRounds "5"]

1. d4 d5 2. Nf3 Nc6 3. Bf4 Nf6 4. e3 Bg4 5. Nbd2 Nh5 6. Bg3 Nxg3 7. hxg3 e5 8.
dxe5 Nxe5 9. Be2 Ng6 10. Nd4 Bxe2 11. Qxe2 Qd7 12. e4 O-O-O 13. e5 Nxe5 14.
O-O-O f6 15. f4 Nf7 16. Rhe1 Bc5 17. N2b3 Bb6 18. Qd3 Nd6 19. Ne6 Rde8 20.
Qxd5 Qa4 21. Nec5 Qxa2 22. Rxe8+ Rxe8 23. Nxb7 Be3+ {#R} 0-1

[Event "Hampstead U2200"]
[Site "Hampstead, London"]
[Date "2013.09.29"]
[Round "4"]
[White "Waterfield, John"]
[Black "Peck, Silas"]
[Result "1/2-1/2"]
[WhiteElo "1991"]
[BlackElo "1805"]
[EventType "swiss"]
[EventRounds "5"]

1. e4 e5 2. Nf3 Nc6 3. Nc3 Nf6 4. d4 exd4 5. Nxd4 Bb4 6. Nxc6 bxc6 7. Bd3 d5
8. exd5 cxd5 9. O-O O-O 10. Bg5 c6 11. Na4 Bd6 12. c4 Be5 13. cxd5 cxd5 14.
Rc1 Qd6 15. Bxf6 Qxf6 16. Qc2 Qh4 17. g3 Qh3 18. Rfe1 Bf6 19. Bf1 Qg4 20. Qd1
d4 21. Nc5 Qxd1 22. Rexd1 Bf5 23. Bd3 Bg4 24. Re1 g6 25. Ne4 Bg7 26. Rc7 Bf5
27. Nc5 Rac8 28. Ree7 Rxc7 29. Rxc7 Rc8 30. Rxc8+ Bxc8 31. Kf1 Kf8 32. Ke2 Ke7
33. Be4 Kd6 34. b4 Ke5 35. f4+ Kd6 36. Kd3 f5 37. Bf3 Be6 38. Nb7+ Kc7 39. a4
Bd7 40. b5 Kb6 41. Bd5 Bf6 42. Kc4 a6 43. a5+ Ka7 44. b6+ Kb8 45. Nd6 {#d}
1/2-1/2

[Event "Hampstead U2200"]
[Site "Hampstead, London"]
[Date "2013.09.29"]
[Round "4"]
[White "Landau, Jonathan"]
[Black "Liang, Jake Z"]
[Result "0-1"]
[WhiteElo "1956"]
[BlackElo "1780"]
[EventType "swiss"]
[EventRounds "5"]

1. e4 c5 2. a3 Nc6 3. b4 cxb4 4. axb4 Nxb4 5. d4 d5 6. c3 Nc6 7. exd5 Qxd5 8.
Na3 e5 9. Nb5 Bd6 10. Nxd6+ Qxd6 11. Ba3 Qc7 12. d5 Nb8 13. Qb3 Nf6 14. Bc4 a6
15. d6 Qd7 16. Nf3 Nc6 17. Rd1 O-O 18. O-O Re8 19. Ng5 Nd8 20. Rfe1 b5 21. Bd3
Bb7 22. Qc2 g6 23. Ne4 Nxe4 24. Bxe4 Bxe4 25. Qxe4 Rc8 26. Qd5 Nc6 27. Bc5 Rb8
28. Rd3 Re6 29. Red1 Kg7 30. Qa2 a5 31. Qd2 b4 32. Rh3 h5 33. c4 b3 34. Ba3 a4
35. Bc1 Rh8 36. c5 f6 37. Rh4 Nd4 38. Bb2 Nc2 39. Rc4 a3 40. c6 Qxd6 41. Rxc2
bxc2 42. Qxc2 Qxc6 43. Qxc6 Rxc6 44. Bxa3 Ra8 45. Bb4 Ra4 46. Bd2 Rca6 47. Kf1
Ra1 48. Re1 Rxe1+ 49. Bxe1 g5 50. Ke2 Kg6 51. Kf3 Kf5 52. Bd2 Ra2 53. Be3 g4+
54. Kg3 Kg6 55. f3 f5 56. f4 exf4+ 57. Bxf4 h4+ 58. Kxh4 Rxg2 59. Bg3 Ra2 60.
Bf4 Rf2 61. Bg3 Rf3 62. h3 gxh3 {#R} 0-1

[Event "Hampstead U2200"]
[Site "Hampstead, London"]
[Date "2013.09.29"]
[Round "4"]
[White "Pepe, Salvatore"]
[Black "Sloan, Cecil"]
[Result "1/2-1/2"]
[WhiteElo "1906"]
[BlackElo "1690"]
[EventType "swiss"]
[EventRounds "5"]

1. d4 Nf6 2. Nf3 e6 3. c4 Bb4+ 4. Nbd2 Ne4 5. a3 Bxd2+ 6. Nxd2 Nxd2 7. Bxd2 b6
8. Qc2 Bb7 9. e4 Nc6 10. Be3 d5 11. cxd5 exd5 12. Bb5 Qd6 13. Rc1 Kd7 14. e5
Qg6 15. O-O Qxc2 16. Rxc2 a6 17. Bxc6+ Bxc6 18. Rfc1 Bb5 19. Rxc7+ Ke6 20. b3
Bd7 21. f4 Rhc8 22. f5+ Ke7 23. g4 Rxc7 24. Rxc7 Rc8 25. Rxc8 Bxc8 26. Kf2 g6
27. Bg5+ Ke8 28. fxg6 fxg6 29. Kg3 Bd7 30. Kf4 Kf7 31. Bd8 b5 32. Bg5 Be6 33.
Bh6 Bd7 34. h3 Be6 35. Kf3 Ke8 36. Ke2 Kd7 37. Kd3 Kc6 38. Kc3 Bd7 39. Bf8 Be6
40. Kb4 Bd7 41. Ka5 Kb7 42. Kb4 Kc6 43. a4 bxa4 44. Kxa4 Kb7+ 45. Kb4 Kc6 46.
Bh6 Be6 47. Ka5 Kb7 48. b4 Bd7 49. Bf8 Be6 50. b5 axb5 51. Kxb5 Kc7 52. Bh6
Kd7 53. Kb4 Bf7 54. Kc3 Be6 55. Kd3 Ke8 56. Ke3 Kf7 57. Kf4 Bd7 58. Kg3 Be6
59. Kh4 Bd7 60. Bg5 Be6 61. Bd2 Bd7 62. Kg5 Be6 63. Kh6 Kg8 64. Bb4 Bd7 65.
Bf8 Be6 66. Bg7 Bd7 67. Bf6 Be6 68. Kg5 Kf7 69. Bd8 Bd7 70. Bf6 Be6 71. Bh8
Bd7 72. Bf6 Be6 73. Kh6 Kg8 74. Bd8 Bd7 75. Kg5 Kf7 76. h4 Be6 77. h5 Bd7 78.
Bf6 Be6 79. Kf4 Bd7 80. h6 Be6 {#d} 1/2-1/2

[Event "Hampstead U2200"]
[Site "Hampstead, London"]
[Date "2013.09.29"]
[Round "4"]
[White "Olutola, Taiwo"]
[Black "David, Barry"]
[Result "0-1"]
[WhiteElo "1459"]
[BlackElo "1834"]
[EventType "swiss"]
[EventRounds "5"]

1. Nf3 d5 2. d4 Nf6 3. e3 Bf5 4. Be2 e6 5. c4 c6 6. O-O Nbd7 7. Nc3 Bd6 8. c5
Be7 9. Bd2 O-O 10. Nh4 b6 11. Nxf5 exf5 12. b4 bxc5 13. bxc5 Qc7 14. h3 Ne4
15. Nxe4 fxe4 16. f3 f5 17. f4 a5 18. Qa4 g5 19. g3 Bf6 20. Rab1 Rf7 21. Rb2
Rg7 22. Kh2 Nxc5 23. Qc2 Ne6 24. Rfb1 gxf4 25. gxf4 Ra7 26. Rb8+ Nd8 27. Qb3
Qf7 28. Rg1 Rxg1 29. Kxg1 Qg6+ 30. Kf1 Rg7 31. Bg4 fxg4 32. h4 h5 33. Bxa5 Rd7
34. Be1 Qf7 35. a4 Rb7 36. Rxb7 Qxb7 37. Qa2 Be7 38. a5 {#R} 0-1

[Event "Hampstead U2200"]
[Site "Hampstead, London"]
[Date "2013.09.29"]
[Round "4"]
[White "Pride, Stephen"]
[Black "Cavendish, Joshua"]
[Result "1/2-1/2"]
[WhiteElo "1827"]
[BlackElo "1683"]
[EventType "swiss"]
[EventRounds "5"]

1. e4 c6 2. d4 d5 3. f3 dxe4 4. fxe4 e5 5. Nf3 exd4 6. Bc4 Be6 7. Bxe6 fxe6 8.
Qxd4 Qxd4 9. Nxd4 e5 10. Ne6 Na6 11. Nxf8 Kxf8 12. O-O+ Ke7 13. Nc3 Nf6 14.
Bg5 Ke6 15. Bxf6 gxf6 16. a3 Rhg8 17. Rf2 Rad8 18. Re2 Ke7 19. Rd1 Nc5 20.
Rxd8 Rxd8 21. Kf2 Ne6 22. Ke3 Rg8 23. g3 h5 24. Rf2 Rg4 25. Ne2 Ng5 26. Nc3
Ne6 27. Ne2 Ng5 28. Nc3 Ke6 29. Rd2 Nf7 30. Rf2 Nd6 31. b3 Nf7 32. Na4 b6 33.
Nc3 Ng5 34. Rd2 Nf7 35. Rf2 Nd6 36. Rf3 Nf7 37. Rf2 {#d} 1/2-1/2

[Event "Hampstead U2200"]
[Site "Hampstead, London"]
[Date "2013.09.29"]
[Round "4"]
[White "Joseph, Tomy"]
[Black "Samadov, Samir"]
[Result "0-1"]
[WhiteElo "1814"]
[BlackElo "1530"]
[EventType "swiss"]
[EventRounds "5"]

1. d4 e6 2. c4 Nf6 3. g3 d5 4. Bg2 dxc4 5. Nf3 Bb4+ 6. Bd2 Bxd2+ 7. Nbxd2 Qe7
8. O-O Nc6 9. Nxc4 O-O 10. Re1 Rd8 11. e3 a6 12. Nfe5 Nxe5 13. Nxe5 c5 14. a4
cxd4 15. exd4 Qb4 16. Nf3 Qxb2 17. Rb1 Qa3 18. Re3 Qe7 19. Ne5 Nd5 20. Rd3 f6
21. Nc4 Rb8 22. Nb6 Nxb6 23. Rxb6 Qc7 24. a5 Rd6 25. Rdb3 e5 26. Rxd6 Qxd6 27.
Rb6 Qxd4 28. Qb3+ Kh8 29. Bxb7 Bh3 30. Bg2 Rxb6 31. axb6 Qa1+ {#R} 0-1

[Event "Hampstead U2200"]
[Site "Hampstead, London"]
[Date "2013.09.29"]
[Round "4"]
[White "Misyura, Ilya"]
[Black "Hinterreither, Nikolai"]
[Result "1-0"]
[WhiteElo "1626"]
[BlackElo "1746"]
[EventType "swiss"]
[EventRounds "5"]

1. d4 d5 2. c4 e6 3. Nc3 Nf6 4. Bg5 Be7 5. Nf3 O-O 6. e3 Nbd7 7. Qc2 a6 8. Rd1
dxc4 9. Bxc4 b5 10. Bd3 Bb7 11. Ne5 h6 12. Bh4 Nd5 13. Bxe7 Qxe7 14. Nxd5 Bxd5
15. Nxd7 Qxd7 16. e4 Bb7 17. e5 Qe7 18. O-O Rac8 19. Rc1 Rfd8 20. Rfd1 Qg5 21.
Be4 Bxe4 22. Qxe4 Rd5 23. f4 Qe7 24. f5 c6 25. Rf1 Qb4 26. fxe6 fxe6 27. Qg6
Qxd4+ 28. Kh1 Rxe5 29. Rcd1 Qa7 30. Rd6 Rf8 31. Rxf8+ Kxf8 32. Rd8+ Ke7 33.
Re8+ Kd6 34. Qd3+ Kc5 35. Qc3+ Kd6 36. h3 Qc5 37. Qd2+ Rd5 38. Qf4+ Re5 39.
Qf8+ Kd5 40. Rd8+ Kc4 41. Qf4+ {#r} 1-0

[Event "Hampstead U2200"]
[Site "Hampstead, London"]
[Date "2013.09.29"]
[Round "4"]
[White "Sanitt, Leo"]
[Black "Sutton, Daniel"]
[Result "0-1"]
[WhiteElo "1626"]
[BlackElo "1721"]
[EventType "swiss"]
[EventRounds "5"]

1. d4 Nf6 2. c4 g6 3. Nc3 d5 4. e3 Bg7 5. Bd3 O-O 6. Nf3 c5 7. cxd5 cxd4 8.
Nxd4 Nxd5 9. Nxd5 Qxd5 10. Nf3 Nc6 11. O-O Rd8 12. Bc2 Qh5 13. Qe2 Bg4 14. h3
Bxf3 15. Qxf3 Qxf3 16. gxf3 Ne5 17. Kg2 Nc4 18. Rd1 Rxd1 19. Bxd1 Rd8 20. Be2
Bxb2 21. Bxb2 Nxb2 22. Kf1 Rc8 23. f4 b6 24. Bf3 Rc3 25. Be4 Nc4 26. Ke2 Nd6
27. Bd3 Kg7 28. Kd2 Rc5 29. Rc1 Rxc1 30. Kxc1 Kh6 31. Be2 Ne4 32. f3 Nf2 33.
Bf1 Kh5 34. Kd2 Kh4 35. Ke1 Kg3 36. h4 Kxf3 37. Kd2 Kg4 38. Be2+ Kxh4 39. Bf3
Kg3 40. Ke2 h5 {#R} 0-1